000 00541nam a2200193 a 4500
001 12214
003 CO-ViMGA
008 141112s2004 ck r 000 u spa d
020 _a9688806862
040 _aCO-ViMGA
_bspa
_cCO-ViMGA
082 0 4 _a005.136 D32i
100 1 _aDecember, John
_917337
245 1 0 _aIntroduccion a Java
260 _amexico,
_cprentice hall,
_c1995
300 _a207 p.
590 _aPrecio : 40.000 - - Fecha de adquisición : Ag. 23, 2000
650 1 4 _aJAVA - LENGUAJES DE PROGRAMACION
_917338
942 _2ddc
_cBK
999 _c23228
_d23228